Vin Diesel Filmography - Statistics

General Stats
  • This quiz has been taken 290 times
    48 since last reset
  • The average score is 25 of 74
Answer Stats
Type Year Name % Correct
Film 2009 Fast & Furious
96%
Film 2015 Furious 7
92%
Film 2011 Fast Five
88%
Film 2023 Fast X
88%
Film 2013 Fast & Furious 6
85%
Film 2017 The Fate of the Furious
85%
Film 2014 Guardians of the Galaxy
77%
Film 2023 Guardians of the Galaxy Vol. 3
77%
Film 2001 The Fast and the Furious
77%
Film 2017 Guardians of the Galaxy Vol. 2
73%
Film 2019 Avengers: Endgame
69%
Film 2018 Avengers: Infinity War
69%
Film 2002 xXx
69%
Film 2013 Riddick
62%
Film 2005 The Pacifier
58%
Film 2022 Thor: Love and Thunder
58%
Film 2000 Pitch Black
54%
Film 2006 The Fast and the Furious: Tokyo Drift
54%
Film 2021 F9: The Fast Saga
50%
Film 2004 The Chronicles of Riddick
46%
Film 1999 The Iron Giant
46%
Film 1998 Saving Private Ryan
42%
Film 2008 Babylon A.D.
38%
Film TBA Fast X: Part 2
38%
Film 2006 Find Me Guilty
35%
Film 2001 Knockaround Guys
35%
Web Special 2022 The Guardians of the Galaxy Holiday Special
35%
Film 2015 The Last Witch Hunter
35%
Film 2017 xXx: Return of Xander Cage
35%
Film 2003 A Man Apart
31%
Web Series 2022-2023 I Am Groot
31%
Film 1997 Strays
31%
Film 2020 Bloodshot
27%
Film 2000 Boiler Room
27%
Short Film 1995 Multi-Facial
27%
Film 2016 Billy Lynn's Long Halftime Walk
23%
Film 2018 Ralph Breaks the Internet
23%
Video Game 2004 The Chronicles of Riddick: Escape from Butcher Bay
23%
Video Game TBA Ark II
19%
Film 1990 Awakenings
19%
Video Game 2020 Fast & Furious Crossroads
19%
Web Series 2019, 2021 Fast & Furious: Spy Racers
19%
Theme Park Attraction 2015 Fast & Furious: Supercharged
19%
Short Film 2009 Los Bandoleros
19%
Film TBA Riddick: Furya
19%
Video Game 2009 The Chronicles of Riddick: Assault on Dark Athena
19%
Short Film 2004 The Chronicles of Riddick: Dark Fury
19%
Video Game 2009 Wheelman
19%
Film TBA xXx 4
19%
Video Game 2021 ARK: Genesis - Part 2
15%
Video Game 2023 Ark: Survival Ascended
15%
Commercial 2018 Dodge Durango SXT
15%
Film TBA Muscle
15%
Film TBA Muscle
15%
Short Film 2013 Riddick: Blindsided
15%
Documentary 2021 Bisping
12%
Web Series 2015 CelebriD&D
12%
Theme Park Attraction 2017 Disneyland Resort: Guardians of the Galaxy - Mission Breakout!
12%
Documentary 2011 F**king Kassovitz
12%
Music Video 1992 Nastee
12%
Documentary 2020 Ricky Powell: The Individualist
12%
TV Special 2008 Samuel L. Jackson: An American Cinematheque Tribute
12%
Documentary Mini-Series 2015 Snoop & Son: A Dad's Dream
12%
TV Show 2005 The Contender
12%
Director 2012 The Ropes
12%
TV Show 2023 Top Chef
12%
Music Video 2023 Toretto
12%
Award Show 2003 2003 MTV Europe Music Awards
8%
Documentary Series 1998 48 Hours
8%
Documentary 1984 Breakin' in the USA: Break Dancing and Electric Boogie Taught by the Pros
8%
Music Video 2017 El Ganador
8%
TV Show 2005 GameStar: Die Redaktion
8%
TV Show 2002 Player$
8%
Short TV Documentary 1999 The Making of 'The Iron Giant'
8%
No matching quizzes found
Score Distribution
Percent of People with Each Score
Percentile by Number Answered
Your Score History
You have not taken this quiz since the last reset